ILLUSTRATED SYNOPSIS OF DERMATOLOGY & SEXUALLY TRANSMITTED DISEASES (Record no. 8984)

MARC details
000 -LEADER
fixed length control field 00347nam a22001457a 4500
003 - CONTROL NUMBER IDENTIFIER
control field SGT
082 ## - DEWEY DECIMAL CLASSIFICATION NUMBER
Classification number 616.5, I14K
100 ## - MAIN ENTRY--PERSONAL NAME
Personal name KHANA, NEENA
245 ## - TITLE STATEMENT
Title ILLUSTRATED SYNOPSIS OF DERMATOLOGY & SEXUALLY TRANSMITTED DISEASES
250 ## - EDITION STATEMENT
Edition statement 4TH
260 ## - PUBLICATION, DISTRIBUTION, ETC. (IMPRINT)
Place of publication, distribution, etc INDIA
Name of publisher, distributor, etc ELSEVIER PUB.
Year of Publication 2014
300 ## - PAGE DESCRIPTION
No. of Pages 427
650 ## - SUBJECT ADDED ENTRY--TOPICAL TERM
Topical term or geographic name as entry element DERMATOLOGY
942 ## - ADDED ENTRY ELEMENTS (KOHA)
Source of classification or shelving scheme Dewey Decimal Classification
Koha item type Books
Holdings
Withdrawn status Lost status Source of classification or shelving scheme Damaged status Not for loan Collection code Home library Current library Shelving location Date acquired Vendor Name Cost, normal purchase price SGTU Bill Number Total Checkouts Full call number Accession No. (Barcode) Date last seen Date last borrowed Bill Date Koha item type
    Dewey Decimal Classification     MEDICAL SGT Medical Library SGT Medical Library Text Book 13/06/2016 AHUJA BOOK COMPANY 895.00 SGTU 5978 5 616.5, I14K FM7544 16/08/2021 31/07/2021 14/08/2015 Books